000 00592nam a2200229Ia 4500
003 OSt
005 20221005120349.0
006 a|||||r|||| 00| 0
007 ta
008 221004b |||||||| |||| 00| 0 kan d
024 _a60281
037 _cTextual
040 _aCRL
_cCRL
_bkan
041 _2kan
_akan
082 _aO33,2NRA8,1, J6
100 _aRanganath H K Au.
_9626437
245 0 _aDurant matlutar prasar natakagalu
260 _c1956
650 _aKANNAD DRAMA
942 _hO33,2NRA8,1, J6
_cTEXL
_2cc
999 _c1037758
_d1037758